000 00765nam a22002057a 4500
003 0
005 20250925095510.0
008 250925b xxu||||| |||| 00| 0 eng d
020 _a978-981-12-9062-6
050 _aHG 4515.15
_b.B44 2025
245 _aBehavioral finance :
_bbeyond the basics /
_cItzhak Venezia and Rachel Calipha, editors.
260 _aSingapore :
_bWorld Scientific Publishing Co. Pte. Ltd.,
_c2025.
300 _axxii, 338 pages :
_billustrations ;
_c24 cm.
440 _aWorld Scientific Lecture Notes in Finance
_vvol. 9
504 _aIncludes bibliographical references and index.
650 _aFinance
_xPsychological aspects.
650 _aInvestments
_xPsychological aspects.
650 _aInvestments
_xDecision making.
942 _2lcc
_cBK
999 _c368093
_d368093